000 00677nam a22002057a 4500
999 _c10351
_d10351
003 AR-CdUCM
008 190401b ||||| |||| 00| 0 spa d
040 _aMUNICIPALIDAD PROVINCIAL DEL CUSCO
_cBIBLIOTECA MUNICIPAL DEL CUSCO
082 _aES / 800 /
_bR93
100 _aRuiz de Alarcón, Juan
_94730
245 _aTeatro :
_bLa Verdad Sospechosa, Ganar Amigos /
260 _aMadrid :
_bAguilar ;
_c1963.
300 _a115 páginas ;
_bIlustraciones
_c23cm
440 _aColección El Globo de Colores
_nIniciación Literaria
_927140
505 _aContenido: Novela
650 _aNovela
_95
650 _aLiteratura infantil
_9588
942 _2ddc
_cLIBROS
945 _anom